América Latina 1990: dudoso despegue /

সংরক্ষণ করুন:
গ্রন্থ-পঞ্জীর বিবরন
প্রধান লেখক: Olave Castillo, Patricia
বিন্যাস: পাঠ‍্য
বিষয়গুলি:
ট্যাগগুলো: ট্যাগ যুক্ত করুন
কোনো ট্যাগ নেই, প্রথমজন হিসাবে ট্যাগ করুন!

MARC

LEADER 00000 a a2200000 04500
001 45965
003
040
100 |a Olave Castillo, Patricia  
245 |a América Latina 1990:   |b dudoso despegue /  |c Patricia Olave Castillo  
650 |a AMERICA LATINA  
650 |a ECONOMIA  
773 |g número54 (1991), páginas 21-27  
999 |c 17850  |d 17850